Seguimiento del gasto etiquetado para mujeres y la igualdad de gňero (GEMIG) en el presupuesto de egresos de la Federacin̤

Detalles Bibliográficos
Formato: eBook
Lenguaje:español
Publicado: Ciudad de Mx̌ico : Cm̀ara de Diputados, 201? -
Materias:
Acceso en línea:Acceso restringido

MARC

LEADER 00000nam a22000007a 4500
005 20171010130010.0
007 cr|||| ||||
008 171010c201x9999mx |||| s|||| 0|||a1spa d
035 |a 20452 
040 |a vLex 
090 |c 7108  |d 7108 
245 0 0 |a Seguimiento del gasto etiquetado para mujeres y la igualdad de gňero (GEMIG) en el presupuesto de egresos de la Federacin̤  |h [Recurso electrn̤ico] 
256 |a Servicio en ln̕ea 
260 |a Ciudad de Mx̌ico :  |b Cm̀ara de Diputados,  |c 201? - 
300 |a 1 recurso electrn̤ico 
310 |a Irregular 
506 |a Disponible solo en los productos indicados  |d vLex Global  |d vLex Global (Academic Edition, excluding Law Schools)  |d vLex Global (U.S. Academic Edition, Law Schools)  |d vLex Global (U.S. Academic Edition, excluding Law Schools)  |d vLex Global (Academic Edition, Law Schools) 
650 0 4 |a Igualdad entre los gňeros  |z Mx̌ico 
650 0 4 |a Presupuestos  |z Mx̌ico 
740 0 |a vLex Revistas (Servicio en ln̕ea) 
856 4 0 |u http://vlex.com/source/seguimiento-del-gasto-etiquetado-para-mujeres-y-la-igualdad-de-genero-gemig-en-el-presupuesto-de-egresos-de-la-federacion-20452  |z Acceso restringido 
942 |c REV 
999 0 |a Gender equality 
999 0 |a Budget